000 00968cam a2200265 4500
001 Wb3740-28
008 011025n2001 000 0 eng u
035 _a(Sirsi) u115301
245 _aLink up to give incomes a lift
260 _c2001
490 _aFarmers' Weekly
_v19 October 2001, 26(1)
520 _aThe 12th annual farm income survey from Deloitte & Touche predicts that family farms may earn twice as much in 2002, to a total of £5000 a unit. The accountant advises that farmers need to pool resources in order to grow, and that some farmers need to leave the industry to give others a chance to expand. Graph.
590 _aWB
650 _aDELOITTE & TOUCHE
650 _aFARM INCOMES
650 _aSURVEYS
650 _aAGRICULTURAL INDUSTRY
650 _aRECESSION
650 _aRATIONALISATION
650 _aCOOPERATION
650 _aCOST CUTTING
650 _aPRODUCTION
690 _aRURAL-FARM BUSINESS MANAGEMENT
942 _n0
999 _c68667
_d68667